Top 10 Ivorian Football Transfer Records - Statistics

General Stats
  • This quiz has been taken 145 times
    53 since last reset
  • The average score is 7 of 10
Answer Stats
Rank Name Joined Left Season Fee % Correct
3 Didier Drogba Chelsea FC Olympique Marseille 04/05 €38.50m
96%
1 Nicolas Pépé Arsenal FC LOSC Lille 19/20 €80.00m
94%
4 Eric Bailly Manchester United Villarreal CF 16/17 €38.00m
80%
2 Sébastien Haller West Ham United Eintracht Frankfurt 19/20 €50.00m
80%
8 Sébastien Haller Borussia Dortmund Ajax Amsterdam 22/23 €31.00m
80%
6 Wilfried Bony Manchester City Swansea City 14/15 €32.30m
76%
7 Franck Kessié AC Milan Atalanta BC 19/20 €32.00m
68%
5 Ibrahim Sangaré Nottingham Forest PSV Eindhoven 23/24 €35.00m
52%
10 Jean Michaël Seri Fulham FC OGC Nice 18/19 €30.00m
42%
9 Evann Guessand Aston Villa OGC Nice 25/26 €30.00m
40%
No matching quizzes found
Score Distribution
Percent of People with Each Score
Percentile by Number Answered
Your Score History
You have not taken this quiz since the last reset